Soil chemistry / (Record no. 18282)

000 -LEADER
fixed length control field 00726pam a2200229 a 4500
020 ## - INTERNATIONAL STANDARD BOOK NUMBER
ISBN 0471822175 :
040 ## - CATALOGING SOURCE
Transcribing agency DLC
082 00 - DEWEY DECIMAL CLASSIFICATION NUMBER
Classification number 631 WIL 1985 C141 Or.
100 1# - MAIN ENTRY--AUTHOR NAME
Personal name Bohn, Hinrich L.,
245 10 - TITLE STATEMENT
Title Soil chemistry /
250 ## - EDITION STATEMENT
Edition statement 2nd ed.
260 ## - PUBLICATION, DISTRIBUTION, ETC. (IMPRINT)
Place of publication New York :
Name of publisher Wiley,
Year of publication c1985.
300 ## - PHYSICAL DESCRIPTION
Number of Pages xiv, 341 p. :
Other physical details ill. ;
Dimensions 24 cm.
500 ## - GENERAL NOTE
General note "A Wiley-Interscience publication."
650 #0 - SUBJECT ADDED ENTRY--TOPICAL TERM
Topical Term Soil chemistry.
700 1# - ADDED ENTRY--PERSONAL NAME
Personal name McNeal, Brian Lester,
700 1# - ADDED ENTRY--PERSONAL NAME
Personal name O'Connor, George A.,
856 4# - ELECTRONIC LOCATION AND ACCESS
Uniform Resource Identifier http://www.loc.gov/catdir/toc/onix05/85003221.html
856 42 - ELECTRONIC LOCATION AND ACCESS
Uniform Resource Identifier http://www.loc.gov/catdir/enhancements/fy0607/85003221-b.html
856 42 - ELECTRONIC LOCATION AND ACCESS
Uniform Resource Identifier http://www.loc.gov/catdir/enhancements/fy0607/85003221-d.html
942 ## - ADDED ENTRY ELEMENTS (KOHA)
Koha item type ADB
952 ## - LOCATION AND ITEM INFORMATION (KOHA)
Withdrawn status [LOCAL, KOHA] 0
Holdings
Source of acquisition Permanent Location Date acquired Koha item type Lost status Shelving location Current Location Full call number
A37184Library Block C2019-10-07សៀវភៅភាសាអង់គ្លេស C141Library Block C631 WIL 1985 C141 Or.
មជ្ឈមណ្ឌលឯការនៃសាកលវិទ្យាល័យភូមិន្ទកសិកម្មចំការដូង

Powered by Koha